Vista normal
Vista MARC
Entrada Meeting Name
Número de registros utilizados en: 1
001 - CONTROL NUMBER
- control field: 38173
003 - CONTROL NUMBER IDENTIFIER
- control field: OSt
005 - DATE AND TIME OF LATEST TRANSACTION
- control field: 20210608105532.0
008 - FIXED-LENGTH DATA ELEMENTS
- fixed length control field: 210608|| aca||aabn | a|a d
040 ## - CATALOGING SOURCE
- Original cataloging agency: OSt
- Transcribing agency: OSt
111 ## - HEADING--MEETING NAME
- Meeting name or jurisdiction name as entry element: Seminario La Participación Privada en el Sector Eléctrico Colombiano
- Date of meeting or treaty signing: (1991 :
- Location of meeting: Cartagena)
670 ## - SOURCE DATA FOUND
- Source citation: Work cat.: (OSt)8009: 16071, Privatización del sector eléctrico : , 1991